000 00333nam a2200145Ia 4500
008 150201s2004 xx 000 0 und d
082 _a612.015
_bM2004D
100 _aDANDEKER
245 _aMEDICAL BIOCHEMISTRY
250 _a2ND
260 _bELSEVIER
_aDELHI
_c2004
300 _a1-664
650 _aBIOCHEMISTRY
942 _2ddc
_cBK
999 _c3398
_d3398